American Revolution Figures based on Picture- HARD - Statistics

General Stats
  • This quiz has been taken 36 times
  • The average score is 4 of 8
Answer Stats
Picture Answer % Correct
Benjamin Franklin
100%
George Washington
97%
James Madison
83%
Alexander Hamilton
66%
Benedict Arnold
52%
Charles Cornwallis
10%
John Burgoyne
3%
King George lll
0%
No matching quizzes found
Score Distribution
Percent of People with Each Score
Percentile by Number Answered
Your Score History
You have not taken this quiz